Villes par image historique - Statistiques

Statistiques générales
  • Ce quiz a été pris 271 fois
  • Le résultat moyen est 5 sur 12
Statistiques - réponses
Par images Réponse % Correct
Paris
98%
Londres
96%
New York
81%
Rome
72%
Tokyo
62%
Rio de Janeiro
38%
Istanbul
32%
Saint-Pétersbourg
25%
San Francisco
14%
Turin
12%
Hambourg
9%
Dresde
6%
Aucun quiz correspondant
Distribution des résultats
% des personnes avec chaque résultat
Percentile par nombre de réponses
Votre historique - résultats
Vous n’avez pas pris ce quiz